Catalogo Analítico preliminar de registros de Flora y Fauna Depositadas en el Instituto de Ciencias Naturales (Universidad Nacional de Colombia) (Registro nro. 4599)
[ vista simple ]
| 000 -CABECERA | |
|---|---|
| Campo de control | 01022nam a2200241 a 4500 |
| 005 - FECHA Y HORA DE LA ULTIMA TRANSACCION | |
| Campo de control | 20191224041741.0 |
| 008 - ELEMENTOS DE LONGITUD FIJA—INFORMACION GENERAL | |
| Campo de control | 160721b xxu||||| |||| 00| 0 spa d |
| 040 ## - FUENTE DE CATALOGACIÓN | |
| Agencia catalogadora original | CO-BoIAVH |
| Agencia transcriptora | CO-BoIAVH |
| 041 ## - IDIOMA | |
| Código de idioma para texto/pista de sonido o título separado | Español |
| 090 ## - CLASIFICACIÓN LOCAL | |
| Colección | LB |
| Consecutivo | 04136 |
| 110 1# - ASIENTO PRINCIPAL--NOMBRE CORPORATIVO | |
| Nombre corporativo o de jurisdicción como elemento de entrada | Universidad Nacional de Colombia (Facultad de Ciencias Naturales) |
| 245 1# - MENCION DE TITULO | |
| Título | Catalogo Analítico preliminar de registros de Flora y Fauna Depositadas en el Instituto de Ciencias Naturales (Universidad Nacional de Colombia) |
| Parte restante del título | convenio especial de cooperación N° 001 Universidad Nacional de Colombia Instituto "Alexander von Humboldt"<br/>Segunda Parte |
| 260 ## - PUBLICACION, DISTRIBUCION, ETC. (PIE DE IMPRENTA) | |
| Lugar de publicación, distribución, etc. | Bogotá |
| Nombre del editor, distribuidor, etc. | Universidad Nacional de Colombia |
| -- | Instituto Alexander von Humboldt |
| Fecha de publicación, distribución, etc. | 1998 |
| 300 ## - DESCRIPCION FISICA | |
| Extensión | 333 Paginas |
| Otros detalles físicos | 28 x 22 cm |
| 650 14 - ASIENTO SECUNDARIO DE MATERIA - TERMINO TEMATICO | |
| Término temático o nombre geográfico como elemento de entrada | Flora |
| 650 14 - ASIENTO SECUNDARIO DE MATERIA - TERMINO TEMATICO | |
| Término temático o nombre geográfico como elemento de entrada | Fauna |
| 650 14 - ASIENTO SECUNDARIO DE MATERIA - TERMINO TEMATICO | |
| Término temático o nombre geográfico como elemento de entrada | Catálogo |
| 650 14 - ASIENTO SECUNDARIO DE MATERIA - TERMINO TEMATICO | |
| Término temático o nombre geográfico como elemento de entrada | Lista de Especies |
| 651 ## - ASIENTO SECUNDARIO DE MATERIA - NOMBRE GEOGRAFICO | |
| Subdivisión geográfica | Región Pacífica (Colombia) |
| 710 ## - ASIENTO SECUNDARIO - NOMBRE CORPORATIVO | |
| Nombre corporativo o de jurisdicción como elemento de entrada | Instituto Alexander von Humboldt |
| 942 ## - ELEMENTOS ADICIONALES (KOHA) | |
| Tipo de ítem | Informe Técnico |
| Sistema de clasificación | Local |
| 945 ## - PROCESAMIENTO LOCAL | |
| AAAA-MM-DD - Fecha de ingreso o modificacion | 2005-06-23 |
| Withdrawn status | Lost status | Sistema de Clasificación | Damaged status | No para préstamo | Colección | Inventariado | Ubicación Permanente | Ubicación actual | Fecha de adquisición | Valor | Total Checkouts | Número topográfico | Inventario / Código de Barras | Date last seen | Ejemplar | Price effective from | Forma de adquisición | Tipo de material | Public note |
|---|---|---|---|---|---|---|---|---|---|---|---|---|---|---|---|---|---|---|---|
| Local | General | Inventariado 2017 | Bogotá | Bogotá | 21/07/2016 | LB-05911 | 039739 | 21/07/2016 | Ej. 1 | 21/07/2016 | Informe Técnico | Disponible en fotocopia, solo para consulta en sala | |||||||
| Local | Botánica | Inventariado 2017 | Villa de Leyva | Villa de Leyva | 23/06/2005 | 39000.00 | LB-04136 | 019196 | 04/12/2012 | V. 1 Ej. 1 | 04/12/2012 | Libro | |||||||
| Local | Botánica | Inventariado 2017 | Villa de Leyva | Villa de Leyva | 23/06/2005 | 39000.00 | LB-04136 | 019197 | 04/12/2012 | V. 2 Ej. 1 | 04/12/2012 | Libro | |||||||
| Local | Botánica | Inventariado 2017 | Villa de Leyva | Villa de Leyva | 23/06/2005 | 39000.00 | LB-04136 | 019198 | 04/12/2012 | V. 3 Ej. 1 | 04/12/2012 | Libro |